Talking Pictures / (Record no. 194195)
[ view plain ]
| 000 -LEADER | |
|---|---|
| fixed length control field | 00797 a2200181 4500 |
| 003 - CONTROL NUMBER IDENTIFIER | |
| control field | Nust |
| 005 - DATE AND TIME OF LATEST TRANSACTION | |
| control field | 20221201110858.0 |
| 040 ## - CATALOGING SOURCE | |
| Transcribing agency | Nust |
| 082 ## - DEWEY DECIMAL CLASSIFICATION NUMBER | |
| Classification number | 535,BRO |
| 100 ## - MAIN ENTRY--PERSONAL NAME | |
| Personal name | B. Brown |
| 9 (RLIN) | 103873 |
| 245 ## - TITLE STATEMENT | |
| Title | Talking Pictures / |
| Statement of responsibility, etc. | B. Brown |
| 250 ## - EDITION STATEMENT | |
| Edition statement | 2nd ed. |
| 260 ## - PUBLICATION, DISTRIBUTION, ETC. | |
| Place of publication, distribution, etc. | London |
| Name of publisher, distributor, etc. | Sir Isaac Pitman and sons |
| Date of publication, distribution, etc. | 1933 |
| 300 ## - PHYSICAL DESCRIPTION | |
| Extent | 309 p |
| 505 ## - FORMATTED CONTENTS NOTE | |
| Formatted contents note | History of talking pictures (Page-1), Generals Ideas (Page-21), Film and Disc and silent projection (Page-30), Theatre sound systems (Page-46), Amplification Power and Stage Equipment (Page-92), Theatre Acoustics (Page-135), Installation (Page-151), The Operating Box (Page-177), Recording on disc (Page-194), Recording on Film (Page-216), The Studio (Page-255), Conclusion (Page-293). |
| 650 ## - SUBJECT ADDED ENTRY--TOPICAL TERM | |
| Topical term or geographic name entry element | pictures |
| 9 (RLIN) | 103874 |
| 942 ## - ADDED ENTRY ELEMENTS (KOHA) | |
| Source of classification or shelving scheme | |
| Koha item type | Book |
| Call number prefix | 535,BRO |
| Withdrawn status | Lost status | Source of classification or shelving scheme | Damaged status | Not for loan | Collection code | Permanent Location | Current Location | Date acquired | Total Checkouts | Full call number | Barcode | Date last seen | Price effective from | Koha item type |
|---|---|---|---|---|---|---|---|---|---|---|---|---|---|---|
| Military College of Signals (MCS) | Military College of Signals (MCS) | 12/12/2016 | 535 BRO | MCS29679 | 12/08/2016 | 12/12/2016 | Book |
